Marketingová analýza firmy diplomová práca

Salvato in:
Dettagli Bibliografici
Autore principale: Périová, Lucia
Ente Autore: Fakulta podnikového manažmentu EU. Katedra podnikovohospodárska
Altri autori: Deáková, Stanislava, 1974-
Natura: Libro
Lingua:slovacco
Pubblicazione: Bratislava 2014
Tags: Aggiungi Tag
Nessun Tag, puoi essere il primo ad aggiungerne!!

MARC

LEADER 00000nbm a2200000 4500
001 0187954
005 20170201092051.2
041 0 |a slo 
044 |a SK 
245 1 0 |a Marketingová analýza firmy  |b diplomová práca  |c Lucia Périová ; školiteľ: Stanislava Deáková 
264 1 |a Bratislava  |c 2014 
300 |a 88 s. 
100 1 |a Périová, Lucia 
700 1 |a Deáková, Stanislava, 1974- 
710 2 |a Fakulta podnikového manažmentu EU. Katedra podnikovohospodárska